000
00293nam a22001337a 4500
020
_a
978-3540416463
041
_a
ENG
100
_a
Ortigao.J.A.R
245
_a
Handbook Of Siope Stabilisation
260
_a
Delhi
_b
Springer
_c
1954
300
_a
478
650
_a
SWCE
856
_u
SWCE ( 06 )
999
_c
1925
_d
1925